000 00911nam a2200277Ia 4500
001 Z_624
003 CHAP
008 220113s1985 xx 000 0 und d
010 _a163735
040 _cCHAP
090 _aTesis R 424
100 _aRodríguez Preciado, Carlos Guadalupe
_998801
245 _aProducción de zacate buffel (Cenchrus ciliaris L.) Variedad Biloela en condiciones de temporal bajo diferentes dosis de fertilización /
_cpor Carlos Guadalupe Rodríguez Preciado
260 _aChapingo, Méx. :
_bEl autor,
_c1985
300 _a37 h.
502 _aTesis (Ing. Agrónomo Esp. en Zootecnia) -- UACH. Departamento de Zootecnia
650 _aFertilizantes
_xEfecto en pastos
_940536
650 7 _aPastos forrajeros
_xRendimiento
_2
_986118
650 _aZacate buffel
_9123395
901 _aTESIS R 424
902 _aM
910 _a1985
942 _c2
942 _c2
999 _c163735
_d163735